Hamlet

Gardado en:
Detalles Bibliográficos
Autor Principal: Shakespeare, William (Author)
Formato: Libro
Idioma:inglés
Publicado: Londres Cambridge 1936
Edición:2a. ed
Series:<The >Works of Shakespeare
Subjects:
Tags: Engadir etiqueta
Sen Etiquetas, Sexa o primeiro en etiquetar este rexistro!

MARC

LEADER 00000nam a2200000 a 4500
001 UCT2502
003 CL-VaPUC
008 961011e19360000UK |||||||||||||||||eng|d
082 0 4 |a 822  |b SHA  |2 21 
100 |a Shakespeare, William  |e author  |9 265757 
245 1 0 |a Hamlet 
250 |a 2a. ed 
300 |a 310 p 
942 |c BK 
945 |d 19961011 00:00:00  |a rleighto 
260 |a Londres  |b Cambridge  |c 1936 
650 0 |a Drama inglés  |9 311029 
583 |a last modification  |c 19961011 00:00:00  |k Rodrigo Vera 
490 0 |a <The >Works of Shakespeare 
999 |c 252568  |d 252566 
952 |0 0  |1 0  |4 0  |6 822_000000000000000_SHA_1936  |7 0  |8 R  |9 272492  |a BIBEDU  |b BIBEDU  |c MCIRC  |d 2019-11-19  |i 3240193  |o 822 SHA 1936  |p 3240193  |r 2023-01-13  |w 2019-11-19  |y BK_R  |k LIT 
952 |0 0  |1 0  |4 0  |6 822_000000000000000_SHA_1936  |7 0  |8 R  |9 272493  |a BIBEDU  |b BIBEDU  |c MCIRC  |d 2019-11-19  |i 1467182  |o 822 SHA 1936  |p 1467182  |r 2023-01-13  |w 2019-11-19  |y BK_R  |k LIT